Coupe de France de Basket - Statistiques

Statistiques générales
  • Ce quiz a été pris 45 fois
  • Le résultat moyen est 43 sur 67
Statistiques - réponses
Année Réponse % Correct
1953 ASVEL
100%
1957 ASVEL
100%
1965 ASVEL
100%
1967 ASVEL
100%
1984 ASVEL
100%
1996 ASVEL
100%
1997 ASVEL
100%
2001 ASVEL
100%
2008 ASVEL
100%
2019 ASVEL
100%
2021 ASVEL
100%
2025 Paris Basketball
97%
1954 Paris UC
97%
1955 Paris UC
97%
1962 Paris UC
97%
1963 Paris UC
97%
2023 AS Monaco
94%
1994 CSP Limoges
92%
1995 CSP Limoges
92%
2000 CSP Limoges
92%
1982 Limoges CSP
92%
1983 Limoges CSP
92%
1985 Limoges CSP
92%
2002 EB Pau-Orthez
86%
2003 EB Pau-Orthez
86%
2007 EB Pau-Orthez
86%
2022 EB Pau-Orthez
86%
1964 Le Mans SB
86%
2004 Le Mans SB
86%
2009 Le Mans SB
86%
2016 Le Mans SB
86%
1993 JDA Dijon
81%
2006 JDA Dijon
81%
2024 JDA Dijon
81%
2014 JSF Nanterre
81%
2017 JSF Nanterre
81%
2015 Strasbourg IG
78%
2018 Strasbourg IG
78%
1998 Cholet Basket
72%
1999 Cholet Basket
72%
2010 Orléans LB
64%
1966 ABC Nantes
61%
1961 SA Lyon
58%
1989 Nice Olympique
53%
2005 BCM Gravelines
50%
1987 SQBB
42%
1986 RCM Toulouse
39%
1990 CS Toulon
33%
2011 Elan Chalon
28%
2012 Elan Chalon
28%
1992 Etoile Angers Basket
28%
1994 Etoile Angers Basket
28%
1969 JA Vichy
28%
1970 JA Vichy
28%
1960 AS Denain Voltaire
22%
1984 AS Denain Voltaire
22%
1985 OS Hyères
19%
1993 Besançon BC
11%
1983 ESM Challans
11%
1956 CSM Auboué
8%
1958 Etoile Mézières
8%
1959 Etoile Mézières
8%
1982 CO Briochin
6%
2013 Metropolitans 92
6%
1988 AS Esquennoy
3%
1991 ESPE Basket
3%
1995 La Gauloise Vitry
3%
Aucun quiz correspondant
Distribution des résultats
% des personnes avec chaque résultat
Percentile par nombre de réponses
Votre historique - résultats
Vous n’avez pas pris ce quiz